000 00911nmm a2200277 a 4500
001 ocm000702123
003 TR-IsHL
005 20201028131417.0
008 131028s2010 tu tur
007 cr cn
035 _a702123
_b(N$T)
050 0 4 _aPQ1811.T3
_bF66 2010
090 0 4 _aPQ1811.T3
_bF66 2010
100 1 _aLa Fontaine, Jean de
245 1 0 _aÂşık aslan
_h[electronic resource] /
_cJean de La Fontaine ; editör Erdal Çakıcıoğlu
250 _a1. bs.
260 _aİstanbul :
_bBirleşik Yayın Grubu,
_c2010
300 _a63 p.
650 4 _aDil ve Edebiyat
650 4 _aLanguage and Literature
650 0 _aFabller, Fransız
650 0 _aFables, French
650 7 _aJUVENILE FICTION / Legends, Myths, Fables / General
_2bisacsh
700 1 _aÇakıcıoğlu, Erdal
856 4 0 _uhttp://search.ebscohost.com/login.aspx?direct=true&scope=site&db=e011xww&AN=702123
999 _c4550
_d4550